000 01540nam a22002537a 4500
003 Uzh_bibl
008 260514b |||||||| |||| 00| 0 ukr d
020 _a978-617-7498-01-7
_c128.70
040 _bукр.
041 _2eng
_aukr
080 _a821(410)
090 _a821(410)
_bҐ 29
100 _aҐейман,Ніл
245 _aЗоряний пил
_cпер.з англ.Д.Кушніра
_hТекст
260 _aКиїв
_bВидавнича група КМ-БУКС
_c2018
300 _a240 с.
_fВ опр.
520 _aТрістран пообіцяв принести зірку, що впала з неба. Він вирушає у подорож, щоб здійснити бажання коханої, прекрасної Вікторії Форестер - і опиняється у зачарованому світі, що лежить за муром простого англійського селища. "Зоряний пил" - безмір пригод і магії, прекрасна казка майстра художнього слова Ніла Ґеймана, що полюбилася багатьом читачам. За мотивами книжки відзнято легендарну кінострічку.
521 _aДля широкого кола читачів
546 _aукр.
650 _aЛітературно-художнє видання
653 _aЗірка
_aОбіцянка
_aПодорож
655 _aФентезі
_vроман
942 _2udc
_cBK
999 _c17761
_d17761